000 00660nam a2200241Ia 4500
003 OSt
005 20221005082142.0
006 a|||||r|||| 00| 0
007 ta
008 221004b |||||||| |||| 00| 0 ben d
020 _a8126006668
_c150
024 _a72250
037 _cTextual
040 _aCRL
_cCRL
_bben
041 _2ben
_aben
082 _aO157,1:gx, N9
245 0 _aSwadhinata sangramer gan o kavita
_b Bingsa satabdi Ed by Anuradha Ray
260 _aNew Delhi
_bSahitya Akademi India
_c1999
300 _a493p.
_ccm.
650 _aBENGALI LITERATURE
942 _hO157,1:gx, N9
_cTEXL
_2cc
999 _c988823
_d988823